000 00696cab a2200229 4500
001 X1060
008 090401t xxu||||| |||| 00| 0 eng d
035 _a(Sirsi) u14486
041 _aeng
100 _aEvans, D.
245 _aAir-conditioning - cooling off without CFCs
260 _c12(1) 1993/4, 21-22(2)
350 _a0
490 _aStructural Survey
_v12(1) 1993/4, 21-22(2)
650 _aBUILT ENVIRONMENT-BUILDING ELEMENTS-COMPLETE BUILDING SERVICES ELEMENTS-COMPLETE HEATING, VENTILATION AND AIR CONDITIONING SYSTEMS
650 _aALTERNATIVES
650 _aCFCS
650 _aREFRIGERANTS
690 _aBUILT ENVIRONMENT-BUILDING MATERIALS
942 _n0
948 _c04/03/1997
999 _c9444
_d9444